Statistics for Panic! At The Disco - The Ballad of Mona Lisa - (full lyrics)

Click here to take the quiz!

General Stats

  • This quiz has been taken 64 times
  • The average score is 111 of 272

Answer Stats

Lyrics% Correct
She
100%
a
89%
her
89%
paints
89%
with
89%
bottles
86%
close
86%
empty
86%
fingers
86%
gin.
86%
of
86%
starts
86%
to
86%
He
84%
notice
84%
precision.
81%
a
78%
takes
78%
the
78%
to
78%
And
76%
moment
76%
for.
73%
paid
73%
A
70%
again.
70%
assess
70%
ears
70%
his
70%
she's
70%
sins
70%
a
68%
And
68%
are
68%
believe.
68%
down
68%
for.
68%
Give
68%
I
68%
I'm
68%
just
68%
let
68%
me.
68%
me
68%
me
68%
mean.
68%
nothing
68%
of
68%
on
68%
paid
68%
rain
68%
right.
68%
Say
68%
sun
68%
taste
68%
Tell
68%
the
68%
There's
68%
to
68%
want
68%
what
68%
what
68%
with
68%
words
68%
wrong
68%
you
68%
a
65%
a
65%
Her
65%
sign.
65%
speaker
65%
through
65%
Whoa,
65%
you
65%
conversation.
62%
in
62%
lonely
62%
Lisa!
59%
Mona
59%
swimming
59%
Lisa!
57%
Mona
57%
oh
57%
oh,
57%
oh
57%
oh
57%
oh
57%
oh
57%
oh,
57%
oh
57%
run
57%
see
57%
this
57%
to
57%
town.
57%
Whoa,
57%
you
57%
frown.
54%
to
54%
And
51%
another
51%
Another
51%
call
51%
day.
51%
desperation.
51%
dollar,
51%
had
51%
I'd
51%
if
51%
it
51%
pay
51%
You're
51%
He
49%
proper
49%
say,
49%
senses
49%
she
49%
she
49%
something,
49%
tell
49%
the
49%
to
49%
words
49%
would
49%
And
46%
believe.
46%
down
46%
Give
46%
him.
46%
I
46%
I'm
46%
let
46%
Lisa!
46%
Lisa!
46%
me.
46%
me
46%
me
46%
mean.
46%
Mona
46%
Mona
46%
nothing
46%
oh
46%
oh
46%
oh,
46%
oh
46%
oh
46%
oh
46%
oh,
46%
oh
46%
on
46%
rain
46%
right.
46%
run
46%
Say
46%
see
46%
sell
46%
sun
46%
Tell
46%
the
46%
this
46%
to
46%
to
46%
to
46%
to
46%
town.
46%
want
46%
what
46%
Whoa,
46%
Whoa,
46%
you
46%
you
46%
a
43%
But
43%
frown.
43%
him.
43%
left
43%
pay
43%
sign.
43%
have
41%
I'd
41%
she'd
41%
You're
41%
Lisa)
30%
(Mona
30%
guarenteed
16%
guarenteed
14%
for.
11%
of
11%
paid
11%
what
11%
you
11%
a
8%
I'm
8%
just
8%
nothing
8%
taste
8%
There's
8%
with
8%
wrong
8%
a
3%
a
3%
And
3%
And
3%
believe.
3%
believe.
3%
down
3%
down
3%
frown.
3%
Give
3%
Give
3%
guarenteed
3%
I
3%
I
3%
I'd
3%
I'm
3%
let
3%
let
3%
Lisa!
3%
Lisa!
3%
me.
3%
me
3%
me
3%
me
3%
me.
3%
me
3%
mean.
3%
mean.
3%
Mona
3%
Mona
3%
oh,
3%
oh
3%
oh
3%
oh
3%
oh
3%
oh
3%
oh,
3%
oh
3%
on
3%
on
3%
pay
3%
rain
3%
rain
3%
right.
3%
right.
3%
run
3%
Say
3%
Say
3%
see
3%
sign.
3%
sign
3%
sun
3%
sun
3%
Tell
3%
Tell
3%
the
3%
the
3%
this
3%
to
3%
to
3%
to
3%
to
3%
town.
3%
want
3%
want
3%
what
3%
what
3%
Whoa,
3%
Whoa,
3%
you
3%
you
3%
you
3%
You're
3%

Score Distribution

Percentile by Number Answered

Percent of People with Each Score

Your Score History

You have not taken this quiz